Представление документа в формате MARC21

Поле Инд. ПП Название Значение
Тип записи a
Библиографический уровень m
001 Контрольный номер 5089aab982ee43e5bc55c455114b59b0
005 Дата корректировки 20260514145042.7
040 b Код языка каталог. rus
e Правила каталог. PSBO
041 0_ a Код языка текста rus
090 a Полочн. индекс Ш141.2
x Авторский знак Г 92
091 a Индекс ББК (DOS) Ш141.2(075И)
097 b Оператор *Фа*
100 1_ a Автор Грязнова В.В.
245 10 a Заглавие Самостоятельные работы по русскому языку. Элементарный уровень
b Продолж. заглавия практикум
b Продолж. заглавия в составе учебно-методического комплекса
c Ответственность Тверской государственный технический университет
260 a Место издания Тверь
b Издательство ТвГТУ
c Дата издания 2021
300 a Объем 48 с.
440 _0 a Серия УМК-П
516 8_ a Прим. о типе комп. файла/ данных Текст : электронный
520 0_ a Аннотация Содержит комплекс упражнений для формирования фонетических, интонационных и грамматических навыков, необходимых для овладения языком на элементарном уровне. Разработан в соответствии с требованиями Государственного образовательного стандарта. Адресован иностранцам, начинающим изучать русский язык с целью подготовки к обучению в российских вузах.
535 1_ a Хранилище Сервер
583 a Действие Приписка : УМК
653 0_ a Ключевые слова Грамматика
a Ключевые слова Русский язык
773 18 w Контрольный № источника 49a893bb61f140158b24da04a763a8c5
900 a Имя макрообъекта 001-000143217-000000000-0000-0000-01
901 t Тип документа m
905 a Дата создания записи 12.11.21
c Дата приписки 14.05.26
922 c Кафедра Русский язык
951 i EL-ТГТУ? Да
952 a Тип литературы для КСУ ВШ М2
990 h N записи в КСУ для Б/У (DOS) 35/2021э
c Приоритет заказа (DOS) д
g Размещение заказа (DOS) РИЦ